000 00448nam a2200169Ia 4500
003 GCL
008 140319s9999 xx 000 0 eng d
040 _aGCL /
_cGCL
082 0 4 _aCH
_b372.4
_bM P
100 1 _aMONCURE, JANE BELK
245 1 0 _aPARENTS GUIDE TO THE MAGIC CASTLE READERS /
_cMONCURE, JANE BELK
260 _a[S.N] :
_bTHE CHILD'S WORLD ،
_c1988
300 _a110
650 0 4 _aCHILDREN
650 0 4 _aEDUCATION
942 _2ddc
_cBK
999 _c15607
_d15607